000 00951nam a2200217Ia 4500
003 IN-BaIIA
008 211028s9999 xx 000 0 eng d
020 _a3-923524-33-1
040 _cIIA Library
080 _a524.3-52(082.2)
_bESO
111 _aESO Workshop on Low Mass Star Formation and Pre-Main Sequence Objects
_cGarching, Germany
_d1989 July 11-13
_916529
245 0 _aLow mass star formation and pre-main sequence objects
_bproceedings of the ESO workshop on low mass star formation and pre-main sequence objects, held in Garching, Germany, 11-13 July 1989
_cedited by Bo. Reipurth
260 _aGermany
_bEuropean Southern Observatory
_c1989
300 _avi, 499p.
490 _aESO conference and workshop proceedings; no. 33
650 _aAstronomy and astrophysics thesaurus
650 _aStar formation
650 _aStellar evolution
700 _aReipurth, Bo., ed.
_916530
942 _cBK
999 _c9762
_d9762